La prueba en los procedimientos administrativos: análisis de la situación en Argentina, Chile, España y Venezuela

-д хадгалсан:
Номзүйн дэлгэрэнгүй
Үндсэн зохиолч: Reyes Poblete, Miguel Angel (Зохиогч)
Формат: Ном
Хэл сонгох:испани
Хэвлэсэн: Miguel Angel Reyes Poblete 2012
Хэвлэл:1a. ed
Нөхцлүүд:
Шошгууд: Шошго нэмэх
Шошго байхгүй, Энэхүү баримтыг шошголох эхний хүн болох!

MARC

LEADER 00000cam a2200000 a 4500
001 UCE1516
003 CL-VaPUC
008 140502e20120000cl |||||||||||||||||spa|d
020 |a 9781468181883 
082 0 4 |a 342.83066  |b REY  |2 21 
100 0 |a Reyes Poblete, Miguel Angel  |e author  |9 573866 
245 1 3 |a La prueba en los procedimientos administrativos: análisis de la situación en Argentina, Chile, España y Venezuela 
250 |a 1a. ed 
300 |a 109 p 
942 |c BK 
945 |d 20140502 10:02:00  |a dcastane 
260 |b Miguel Angel Reyes Poblete  |c 2012 
650 0 |a Derecho administrativo  |9 254851 
650 0 |a Procedimientos administrativos  |9 430309 
650 0 |a Jurisprudencia  |9 255952 
583 |a last modification  |c 20140502 10:02:00  |k Rodrigo Vera 
999 |c 355292  |d 355290 
952 |0 0  |1 0  |3 erb  |4 0  |6 342_830660000000000_REY_2012  |7 0  |8 A  |9 461952  |a BIBDER  |b BIBDER  |i 5069998  |o 342.83066 REY 2012  |p 5069998  |r 2023-01-25  |w 2019-11-23  |y BK  |z Catalogado en:20140502  |k DER